00485nam a2200145 a 450000100100000000500170001000800410002704000250006824500400009326000640013330000200019750000420021750000310025971000490029000002806520200930031324.0110406s19uu dr 000 0 spa d aDO-SdBNPbspacBNPHU00aGeografía general y de América. aSanto Domingo :bAcción Pro-Educación y Cultura,c199-? a20 p. ;c28 cm. aCurso primero de la educación media aCursos por correspondencia2 aInstituto Dominicano de Educación Integral